A Ticket to Syria: (Record no. 182146)

MARC details
000 -LEADER
fixed length control field 00642nam a22001937a 4500
005 - DATE AND TIME OF LATEST TRANSACTION
control field 20211026151812.0
010 ## - LCCN (DPL NO)
LC control number ENG-130083
020 ## - INTERNATIONAL STANDARD BOOK NUMBER
International Standard Book Number 978-93-89624-52-6
Terms of availability 220.00
035 ## - SYSTEM CONTROL NUMBER
System control number EN-113615
037 ## - SOURCE OF ACQUISITION
Source of stock number/acquisition DBAD/PUB
082 ## - DEWEY DECIMAL CLASSIFICATION NUMBER
Classification number N
100 ## - MAIN ENTRY--PERSONAL NAME
Personal name Thorat, Shirish
245 ## - TITLE STATEMENT
Title A Ticket to Syria:
Remainder of title A story about the ISIS in Maldives/
Statement of responsibility, etc by Shirish Thorat
250 ## - EDITION STATEMENT
Edition statement 2020
260 ## - PUBLICATION, DISTRIBUTION, ETC. (IMPRINT)
Name of publisher, distributor, etc Vishwakarma Publications
Date of publication, distribution, etc 2019
Place of publication, distribution, etc Maharashtra
270 ## - ADDRESS
Address 34A/1, Suyog Center, 7th floor, Gultekedi Marketyard Road, Giridhar Bhavan Chowk,
Postal code 411037
City Pune
Electronic mail address info@vpindia.co.in
Telephone number 9168682200
300 ## - PHYSICAL DESCRIPTION
Extent 168p.
Dimensions 22cm (pbk)
942 ## - ADDED ENTRY ELEMENTS (KOHA)
Source of classification or shelving scheme Dewey Decimal Classification
Item type English Books
Classification part N
Call number suffix tho
Holdings
Withdrawn status Lost status Not for loan Collection code Home library Current library Date acquired Source of acquisition Cost, normal purchase price Full call number Barcode Copy number Cost, replacement price Koha item type
      Non-fiction Bawana Bawana 26/10/2021 dbad/pub 220.00 N tho EN-113615 1 220.00 English Books

© Delhi Public Library
Hit Counter
free hit counter